[Event "Sautron op 19th"]
[Site "Sautron"]
[Date "2019.10.19"]
[Round "9.19"]
[White "Poupard, Alexandre"]
[Black "Fretel, Didier"]
[Result "0-1"]
[WhiteElo "1862"]
[BlackElo "1653"]
[PlyCount "74"]
[EventDate "2019.12.10"]
[EventType "swiss"]
[EventRounds "9"]
[EventCountry "FRA"]
[SourceTitle "EXT 2022"]
[Source "ChessBase"]
[SourceDate "2021.10.06"]
[SourceVersion "1"]
[SourceVersionDate "2021.10.06"]
[SourceQuality "1"]

1. e4 c5 2. Nf3 Nc6 3. c4 d6 4. d4 cxd4 5. Nxd4 g6 6. h3 Bg7 7. Be3 Nf6 8. Nc3 Nxd4 9. Bxd4 0-0 10. Qb3 b6 11. 0-0-0 Be6 12. Kb1 Qc8 13. g4 Qc6 14. Nd5 Bxd5 15. cxd5 Qb7 16. Bb5 Rac8 17. Qd3 Rc7 18. f3 Nd7 19. Bc6 Qb8 20. Bxg7 Kxg7 21. h4 Ne5 22. Qc3 f6 23. g5 Nxc6 24. dxc6 Qc8 25. Rc1 Qe6 26. b4 a6 27. Qd3 b5 28. Qd4 Ra8 29. f4 a5 30. f5 gxf5 31. gxf6+ Qxf6 32. Rhg1+ Kf7 33. Qd5+ Qe6 34. Rg7+ Kf6 35. Rxh7 Qxe4+ 36. Qxe4 fxe4 37. bxa5 Kg6 0-1